000 00402nam a2200121Ia 4500
008 151021s9999 xx 000 0 und d
050 _aHC 865 .K47 2013
245 _a_Meru County Development Profile/ Kenya Ministry of Devolution and Planning
260 _aNairobi : Government Printer, 2013
300 _axv,123 p.
650 _a_County vision and mission
980 _a^d20140317 03:55:18^omwanik
999 _c14796
_d14796